| 000 | 00557nam a2200169 i 4500 | ||
|---|---|---|---|
| 001 | 96078 | ||
| 003 | ES-MaACL | ||
| 007 | t| | ||
| 008 | 050610s1973 mx ||||1| spa d | ||
| 100 | 1 |
_aMaddison, Angus. _975305 |
|
| 245 | 1 | 0 |
_aProgreso y política económica en los paises en vías de desarrollo / _cAngus Maddison; [traducción de Remigio Jasso]. |
| 250 | _a[1ª ed.]. | ||
| 260 |
_aMéxico : _bFondo de Cultura Económica de México, _c1973. |
||
| 300 |
_a359 p. ; _c21 cm. |
||
| 700 | 1 |
_aJasso, Remigio. _966156 |
|
| 852 |
_aES-MaACL _jE-7095 _bR.91376 |
||
| 999 |
_c96078 _d96078 |
||